000 00515nam a2200193Ia 4500
005 20230605120642.0
008 131103s9999 xx 000 0 und d
040 _aLoreto College
041 _aEnglish
082 _a938
_bLIV
245 4 _aThe Legacy of Greece
_cedited by R.W.Livingstone
260 _aLondon
_bOxford University Press
_c1969
300 _a424 p.
_b ill.
650 _aAncient History
651 _aGreece - Ancient History
700 _aLivingstone,R.W.,ed.
850 _aLCLIB
942 _cBK
999 _c8671
_d59150